[Event "Flint (MI Jr/1/16)"]
[Site "?"]
[Date "1996.??.??"]
[Round "?"]
[White "Charette, K."]
[Black "McAllister, Don"]
[Result "1-0"]
[WhiteElo "1605"]
[BlackElo "1605"]
[PlyCount "81"]
[EventDate "1996.??.??"]

{1/(16)} 1. d4 e6 2. Nf3 d5 3. Nbd2 c5 4. c3 Nf6 5. e3 Nc6 6. Bd3 Bd6 7. e4 c4
8. Bc2 O-O 9. e5 Bc7 10. exf6 Qxf6 11. O-O Re8 12. Re1 e5 13. dxe5 Nxe5 14.
Nxe5 Rxe5 15. Rxe5 Qxe5 16. Nf3 Bg4 17. Nxe5 Bxd1 18. Bxd1 Bxe5 19. Bf3 Rd8 20.
Be3 b6 21. Rd1 Re8 22. Bxd5 Bc7 23. Bxc4 g6 24. Rd7 Bf4 25. Bxf7+ Kf8 26. Bxe8
Kxe8 27. Rxa7 Bd6 28. Bxb6 Be7 29. c4 Bd8 30. c5 Bxb6 31. cxb6 Kd8 32. Rc7 h5
33. Rc3 Kd7 34. b7 Ke6 35. b8=Q Kf5 36. Qe8 Kg5 37. Rg3+ Kf6 38. Rxg6+ Kf5 39.
Qe6+ Kf4 40. g3+ Kf3 41. Qe3# 1-0

[Event "Howell (US Am N/4/29)"]
[Site "?"]
[Date "1996.??.??"]
[Round "?"]
[White "Charette, K."]
[Black "Griffin, John"]
[Result "1-0"]
[WhiteElo "1605"]
[BlackElo "1630"]
[PlyCount "31"]
[EventDate "1996.??.??"]

{4/(29)} 1. d4 Nf6 2. Nc3 d5 3. e4 dxe4 4. f3 exf3 5. Nxf3 e6 6. Bg5 Be7 7. Bd3
Nbd7 8. O-O c6 9. Qe1 O-O 10. Qh4 Re8 11. Ne5 Nf8 12. Kh1 Ng6 13. Nxg6 fxg6 14.
Rf3 Nd7 15. Bxg6 Bxg5 16. Qxh7# 1-0

[Event "Howell (US Am N/2/25)"]
[Site "?"]
[Date "1996.??.??"]
[Round "?"]
[White "Charette, K."]
[Black "Brattin, Vincent"]
[Result "0-1"]
[WhiteElo "1605"]
[BlackElo "1935"]
[PlyCount "66"]
[EventDate "1996.??.??"]

{2/(25)} 1. d4 d5 2. e4 dxe4 3. Nc3 Bf5 4. f3 exf3 5. Nxf3 e6 6. Be2 Nf6 7. Bg5
Be7 8. O-O O-O 9. Kh1 h6 10. Bh4 c6 11. Bd3 Bxd3 12. Qxd3 Na6 13. a3 Qc7 14.
Rad1 Rad8 15. Qe2 Nd5 16. Ne4 c5 17. Bg3 Qb6 18. b3 cxd4 19. Nxd4 Bxa3 20. Be5
f5 21. Qh5 Rf7 22. Rf3 Rdd7 23. Rg3 Kf8 24. Rg6 Nac7 25. Bxc7 Nxc7 26. Nxe6+
Nxe6 27. Rxd7 Rxd7 28. Rxe6 Qxe6 29. Qf3 Qxe4 30. Qf1 Qxc2 31. g4 Rd1 32. Kg1
Bc5+ 33. Kh1 Rxf1# 0-1

[Event "Howell (US Am N/4/47)"]
[Site "?"]
[Date "1996.??.??"]
[Round "?"]
[White "Charette, B."]
[Black "Melton, J."]
[Result "0-1"]
[WhiteElo "1605"]
[BlackElo "1605"]
[PlyCount "110"]
[EventDate "1996.??.??"]

{4/(47)} 1. d4 d5 2. Nf3 Nc6 3. c3 Bg4 4. Nbd2 Qd7 5. e3 a6 6. Bd3 e5 7. dxe5
Qe7 8. Qb3 O-O-O 9. h3 Be6 10. O-O d4 11. Qc2 dxe3 12. fxe3 h5 13. Nd4 Nxd4 14.
exd4 f6 15. exf6 Nxf6 16. Nb3 Qd7 17. Bg5 Bxh3 18. gxh3 Kb8 19. Bf5 Qc6 20. Na5
Qd5 21. Nb3 Be7 22. Qe2 Rhe8 23. Bxf6 Bxf6 24. Qxh5 Re3 25. Qg4 Rh8 26. Qg2 Qd6
27. Nc5 Rg3 28. Be4 Rxg2+ 29. Bxg2 Qg3 30. Rf3 Qd6 31. Ne4 Bxd4+ 32. Kh1 Qd5
33. cxd4 Qxd4 34. Rc3 Re8 35. Nc5 Qd2 36. Rb3 Re2 37. Rxb7+ Kc8 38. Ra7 Kd8 39.
Ra8+ Ke7 40. Rg1 Re1 41. Rxa6 Rxg1+ 42. Kxg1 Qxb2 43. Ne4 Qc1+ 44. Kh2 Qf4+ 45.
Ng3 Qc4 46. Rc6 Qxa2 47. Rxc7+ Kf6 48. Nh5+ Kg6 49. Nxg7 Qa5 50. Be4+ Kf6 51.
Ne8+ Kg5 52. Rg7+ Kf4 53. Rg4+ Ke3 54. Bg2 Qe5+ 55. Rg3+ Kf2 0-1

[Event "Howell (US Am N/2/29)"]
[Site "?"]
[Date "1996.??.??"]
[Round "?"]
[White "Charette, B."]
[Black "Marson, Michael"]
[Result "0-1"]
[WhiteElo "1605"]
[BlackElo "1665"]
[PlyCount "194"]
[EventDate "1996.??.??"]

{2/(29)} 1. d4 Nf6 2. Nf3 g6 3. Bg5 Bg7 4. e3 O-O 5. Bd3 d6 6. O-O Nbd7 7. Re1
c5 8. c3 b6 9. e4 Bb7 10. Nbd2 cxd4 11. cxd4 e5 12. dxe5 Nxe5 13. Nc4 Nxc4 14.
Bxc4 Qc7 15. Bd3 Rac8 16. Rc1 Qxc1 17. Bxc1 Rc5 18. Bg5 Nh5 19. Be3 Rcc8 20.
Bd4 Bh6 21. Qa4 Nf4 22. Ba6 Bc6 23. Bb5 Bb7 24. Qxa7 Ba8 25. Qxb6 Rc2 26. Qxd6
Ne6 27. Qe5 Bg7 28. Qd6 Rd8 29. Qb6 Bxd4 30. Nxd4 Rxd4 31. Qb8+ Rd8 32. Qe5
Rdd2 33. Rf1 Rc5 34. Qb8+ Rd8 35. Qb6 Bxe4 36. b3 Rg5 37. f3 Bf5 38. Bc4 Rd2
39. Rf2 Rd1+ 40. Rf1 Rd2 41. g3 Bh3 42. Rf2 Rd1+ 43. Bf1 Kg7 44. Qe3 h6 45. a4
Nd4 46. a5 Rxa5 47. Qxd4+ Rxd4 48. Bxh3 Rb4 49. Re2 Rxb3 50. Kf2 Raa3 51. Bg2
Ra7 52. f4 Kf6 53. Bd5 Rd3 54. Bc4 Rc3 55. Bb5 Rac7 56. Ba4 Re7 57. Rd2 Ra7 58.
Bb5 Rac7 59. Ba4 R7c4 60. Bb5 Rc2 61. Rxc2 Rxc2+ 62. Be2 Kf5 63. Ke3 Rb2 64.
g4+ Kf6 65. h4 g5 66. h5 gxf4+ 67. Kf3 Kg5 68. Bc4 f6 69. Be6 Rc2 70. Bf5 Rc3+
71. Kf2 Kh4 72. Kg2 Rg3+ 73. Kf2 Rxg4 74. Bxg4 Kxg4 75. Kg2 Kxh5 76. Kf3 Kg5
77. Kf2 Kg4 78. Kg2 h5 79. Kf2 h4 80. Kg2 h3+ 81. Kh2 Kf3 82. Kxh3 Ke2 83. Kg4
f3 84. Kf5 f2 85. Kxf6 f1=Q+ 86. Ke5 Ke3 87. Kd5 Qf4 88. Kc5 Kd3 89. Kd5 Qe4+
90. Kc5 Qd4+ 91. Kc6 Kc4 92. Kc7 Qd5 93. Kb6 Kb4 94. Kc7 Kb5 95. Kb8 Qd7 96.
Ka8 Kb6 97. Kb8 Qb7# 0-1

[Event "Howell (US Am N/5/48)"]
[Site "?"]
[Date "1996.??.??"]
[Round "?"]
[White "Charette, B."]
[Black "Elker, M."]
[Result "1-0"]
[WhiteElo "1605"]
[BlackElo "1605"]
[PlyCount "61"]
[EventDate "1996.??.??"]

{5/(48)} 1. d4 d5 2. Nf3 Nf6 3. Bg5 Nc6 4. c3 Bf5 5. e3 a6 6. Bd3 e6 7. O-O Bd6
8. Re1 h6 9. Bxf6 Qxf6 10. e4 dxe4 11. Bxe4 Bg4 12. d5 Ne5 13. Nbd2 b5 14. dxe6
fxe6 15. Bxa8 h5 16. Bb7 a5 17. Ba6 c6 18. Ne4 Nxf3+ 19. gxf3 Bxh2+ 20. Kxh2
Qf4+ 21. Kg1 Bxf3 22. Nd6+ Kf8 23. Qxf3 Qxf3 24. Re3 Qg4+ 25. Kf1 h4 26. Rae1
Rh6 27. Bc8 h3 28. Bxe6 Qg2+ 29. Ke2 h2 30. Bh3 Rxh3 31. Re8# 1-0

[Event "Jackson (Prison m)"]
[Site "?"]
[Date "1996.??.??"]
[Round "?"]
[White "Caver"]
[Black "Jendras, Gerard"]
[Result "1/2-1/2"]
[WhiteElo "1605"]
[BlackElo "1925"]
[PlyCount "58"]
[EventDate "1996.??.??"]

{10/5} 1. e4 d5 2. e5 Bf5 3. d4 e6 4. Nf3 c5 5. Bb5+ Nc6 6. Nc3 Rc8 7. Be3 a6
8. Bxc6+ Rxc6 9. O-O b5 10. Ne2 Bg4 11. Ng3 Bxf3 12. gxf3 h5 13. c3 h4 14. Ne2
Nh6 15. Kh1 Nf5 16. Rg1 h3 17. Rg4 g6 18. Ng1 Bh6 19. f4 Bf8 20. Qf3 cxd4 21.
cxd4 Rc2 22. Rb1 Qa5 23. Qd1 Rc4 24. a3 Be7 25. Nf3 Bd8 26. Rc1 Qc7 27. Rxc4
Qxc4 28. Qc1 Bb6 29. Qxc4 bxc4 1/2-1/2

[Event "Lansing (MOR/2/30)"]
[Site "?"]
[Date "1996.??.??"]
[Round "?"]
[White "Castleberry, L."]
[Black "Serwatowski, Felix"]
[Result "0-1"]
[WhiteElo "1605"]
[BlackElo "1605"]
[PlyCount "128"]
[EventDate "1996.??.??"]

{2/(30)} 1. e4 c6 2. Nf3 d5 3. Ne5 Nf6 4. d4 Nxe4 5. Qf3 Nf6 6. Nc3 e6 7. Bg5
Be7 8. Bd3 Nbd7 9. O-O a6 10. Ne2 c5 11. c3 Qc7 12. Bf4 Bd6 13. Qe3 Nxe5 14.
Bxe5 Bxe5 15. dxe5 Nd7 16. f4 b6 17. Ng3 Bb7 18. Nh5 O-O-O 19. Qe2 c4 20. Bc2
Nc5 21. b3 b5 22. Rad1 Nd7 23. Qe3 Qb6 24. Qxb6 Nxb6 25. Nxg7 Rdg8 26. Nh5 d4
27. g3 d3 28. Bb1 Nd5 29. Rf2 Nxc3 30. Re1 Rd8 31. Rd2 Rd4 32. bxc4 bxc4 33. a3
Re4 34. Kf2 Rxe1 35. Kxe1 Nxb1 36. Rb2 Nxa3 37. Nf6 Bf3 38. Kd2 Nb5 39. Rb4 Bd5
40. Ne4 Bxe4 41. Rxc4+ Kb7 42. Rxe4 Rd8 43. Rb4 Kb6 44. g4 a5 45. Rb2 a4 46. h4
Ka5 47. h5 Rd4 48. f5 Rxg4 49. Kxd3 Rg5 50. Kc4 Rg4+ 51. Kc5 Nc3 52. fxe6 fxe6
53. Rb8 Ka6 54. Rb6+ Ka5 55. Rxe6 a3 56. Re7 Ka6 57. Rxh7 a2 58. Rh8 Na4+ 59.
Kc6 Rc4+ 60. Kd5 Rc5+ 61. Kd6 a1=Q 62. Ra8+ Kb7 63. Rxa4 Qxe5+ 64. Kd7 Rd5# 0-1

[Event "Detroit (Beg/1/11)"]
[Site "?"]
[Date "1996.??.??"]
[Round "?"]
[White "Castleberry, L."]
[Black "Sellers, Matt"]
[Result "1-0"]
[WhiteElo "1605"]
[BlackElo "1605"]
[PlyCount "135"]
[EventDate "1996.??.??"]

{1/(11)} 1. e4 c6 2. Nc3 d5 3. d3 e5 4. Nf3 Bg4 5. Be2 Nd7 6. h3 Bxf3 7. Bxf3
Ngf6 8. Bg5 Qb6 9. Rb1 Qa5 10. O-O d4 11. Ne2 Qxa2 12. Ng3 h6 13. Bd2 a5 14.
Be2 Bb4 15. Bxb4 axb4 16. Ra1 Qxa1 17. Qxa1 Rxa1 18. Rxa1 O-O 19. Ra7 b5 20.
Nf5 Kh8 21. Nd6 Nc5 22. Rc7 Na4 23. Rxc6 Nxb2 24. Nxb5 Ra8 25. Nd6 Kg8 26. Rc7
Ra1+ 27. Kh2 Na4 28. Nxf7 Nc3 29. Bf3 Rc1 30. Nxe5 Rxc2 31. Rb7 Na2 32. Ng4
Nxg4+ 33. Bxg4 Rc5 34. Be6+ Kf8 35. Bxa2 Rc2 36. Rf7+ Ke8 37. Bc4 Rxc4 38. Rb7
Rc3 39. Rxb4 Rxd3 40. f3 Rd1 41. Kg3 d3 42. Kf2 Rd2+ 43. Ke3 Rxg2 44. Kxd3 Rg3
45. Rb8+ Ke7 46. Rb7+ Kf6 47. Rb6+ Ke5 48. Ke3 Rxh3 49. Rg6 h5 50. Rxg7 h4 51.
Rg6 Rg3 52. Rxg3 hxg3 53. Ke2 Kf4 54. Kf1 Ke5 55. Kg1 Kf4 56. Kg2 Ke5 57. Kxg3
Ke6 58. f4 Kf6 59. Kg4 Kg6 60. e5 Kf7 61. Kg5 Kg7 62. f5 Kf7 63. Kh6 Kf8 64.
Kg6 Kg8 65. e6 Kf8 66. f6 Kg8 67. e7 Kh8 68. e8=Q# 1-0

[Event "Detroit (Beg/5/2)"]
[Site "?"]
[Date "1996.??.??"]
[Round "?"]
[White "Castleberry, L."]
[Black "Saenz, Scott"]
[Result "1-0"]
[WhiteElo "1605"]
[BlackElo "1605"]
[PlyCount "47"]
[EventDate "1996.??.??"]

{5/(2)} 1. e4 c5 2. Nf3 e6 3. d4 cxd4 4. Nxd4 a6 5. Bd3 Nc6 6. Be3 Qc7 7. O-O
Bd6 8. f4 e5 9. Nf5 Nf6 10. Nxg7+ Kf8 11. Nf5 exf4 12. Nxd6 Qxd6 13. Bxf4 Qd4+
14. Kh1 Qxb2 15. Bd6+ Ke8 16. Nd2 Qd4 17. e5 Nxe5 18. Bxe5 Qd5 19. Bxf6 Rg8 20.
Re1+ Kf8 21. Be4 Qe6 22. Qf3 h5 23. Bh7 Qg4 24. Qa3+ 1-0

[Event "Lansing (MOR/3/43)"]
[Site "?"]
[Date "1996.??.??"]
[Round "?"]
[White "Castleberry, L."]
[Black "Fleshman, Justin"]
[Result "0-1"]
[WhiteElo "1605"]
[BlackElo "1605"]
[PlyCount "95"]
[EventDate "1996.??.??"]

{3/(43)} 1. e4 e5 2. Nf3 Nc6 3. Bc4 Bc5 4. Nc3 d6 5. d3 f6 6. O-O Bg4 7. h3
Bxf3 8. Qxf3 Nd4 9. Qg4 Nh6 10. Qxg7 Qe7 11. Qxh8+ Qf8 12. Qxh7 O-O-O 13. Bxh6
Qe8 14. Nd5 Rd7 15. Nxf6 Rxh7 16. Nxe8 Rxh6 17. c3 Ne2+ 18. Kh2 Nf4 19. b4 Bb6
20. Ng7 Rg6 21. g3 Nxh3 22. Kxh3 Rxg7 23. f4 Rh7+ 24. Kg2 exf4 25. Rxf4 Kd8 26.
Rh4 Rg7 27. Rah1 Ke7 28. Rh7 Kf6 29. Rxg7 Kxg7 30. Kf3 a5 31. Kf4 axb4 32. cxb4
Bd4 33. Kf5 Bc3 34. a3 b6 35. g4 Bb2 36. a4 Bc3 37. b5 Bd4 38. g5 Bc3 39. g6
Be5 40. Rh7+ Kf8 41. Ke6 c5 42. a5 bxa5 43. b6 a4 44. b7 d5 45. Bxd5 Bg3 46.
Kd7 a3 47. b8=Q+ Bxb8 48. g7# 0-1

[Event "Kalamazoo (Swiss/2/8)"]
[Site "?"]
[Date "1996.??.??"]
[Round "?"]
[White "Cassidy, M."]
[Black "Pleasant, Andrew"]
[Result "0-1"]
[WhiteElo "1605"]
[BlackElo "1605"]
[PlyCount "76"]
[EventDate "1996.??.??"]

{2/(8)} 1. d4 Nf6 2. c4 g6 3. c5 Bg7 4. e3 d6 5. Qc2 O-O 6. Nf3 Bg4 7. Nh4 c6
8. h3 Be6 9. Bd2 dxc5 10. Nf3 cxd4 11. Nxd4 Bd5 12. Nc3 c5 13. Nxd5 cxd4 14.
Nxf6+ Bxf6 15. Bd3 Nc6 16. a3 Rc8 17. Qb1 Qb6 18. O-O Ne5 19. exd4 Nxd3 20.
Qxd3 Qxd4 21. Qe2 Qxb2 22. Rab1 Qxa3 23. Rxb7 a5 24. Bh6 Rfe8 25. Re1 a4 26.
Rb6 Qc3 27. h4 a3 28. Ra6 e6 29. h5 Qb4 30. Qa2 Qxe1+ 31. Kh2 Be5+ 32. g3 gxh5
33. Ra5 h4 34. Kg2 hxg3 35. Ra4 Qxf2+ 36. Qxf2 gxf2 37. Rg4+ Kh8 38. Kxf2 a2
0-1

[Event "Kalamazoo (Mini-Swiss.3/2)"]
[Site "?"]
[Date "1996.??.??"]
[Round "?"]
[White "Cartes, T."]
[Black "Masse, David"]
[Result "0-1"]
[WhiteElo "1605"]
[BlackElo "1605"]
[PlyCount "30"]
[EventDate "1996.??.??"]

{3/(2)} 1. e4 g6 2. d4 Bg7 3. Nf3 d6 4. Nc3 Nd7 5. Bf4 c5 6. dxc5 Nxc5 7. Bc4
Be6 8. O-O Bxc4 9. b3 Bxf1 10. Kxf1 Bxc3 11. Nh4 Bxa1 12. Qxa1 Nf6 13. Bg5
Ncxe4 14. g4 Qb6 15. Bf4 Qxf2# 0-1

[Event "Kalamazoo (Mini-Swiss.3/3)"]
[Site "?"]
[Date "1996.??.??"]
[Round "?"]
[White "Cartes, T."]
[Black "Cunningham, E."]
[Result "0-1"]
[WhiteElo "1605"]
[BlackElo "1605"]
[PlyCount "36"]
[EventDate "1996.??.??"]

{3/(3)} 1. d4 d5 2. e4 Nc6 3. Nc3 e5 4. dxe5 Nxe5 5. Bd3 Nf6 6. Nf3 Nxf3+ 7.
gxf3 Bd6 8. O-O b6 9. Ne2 Nh5 10. Ng3 Nxg3 11. hxg3 Qf6 12. Qd2 Bb7 13. Qc3 Qh6
14. a3 Qh5 15. exd5 Bxd5 16. Re1+ Be7 17. Re2 Bxf3 18. Re3 Qh1# 0-1

[Event "Ann Arbor (Mini-Swiss/3)"]
[Site "?"]
[Date "1996.??.??"]
[Round "?"]
[White "Carter, M."]
[Black "Herschler, R."]
[Result "1-0"]
[WhiteElo "1605"]
[BlackElo "1605"]
[PlyCount "37"]
[EventDate "1996.??.??"]

1. d4 g6 2. c4 Bg7 3. Nc3 Nf6 4. Nf3 Nc6 5. d5 Nb4 6. a3 Na6 7. e4 e6 8. Bg5
exd5 9. cxd5 O-O 10. e5 Qe8 11. Be2 Nxd5 12. Nxd5 f6 13. exf6 Qe6 14. fxg7 Rf5
15. Ne7+ Kxg7 16. Nxf5+ Kf7 17. Nh6+ Kg7 18. Qd4+ Kf8 19. Qh8+ 1-0

[Event "Lansing (MI Op/4/6)"]
[Site "?"]
[Date "1996.??.??"]
[Round "?"]
[White "Carroll, Deuvoy"]
[Black "Kitsis, S."]
[Result "1/2-1/2"]
[WhiteElo "2130"]
[BlackElo "2180"]
[PlyCount "100"]
[EventDate "1996.??.??"]

{4/(6)} 1. d4 Nf6 2. Nf3 g6 3. c3 Bg7 4. Bg5 O-O 5. Nbd2 d6 6. e3 Nbd7 7. Bc4
c6 8. Qc2 Qc7 9. O-O e5 10. Bb3 d5 11. c4 dxc4 12. Nxc4 exd4 13. Bf4 Qd8 14.
Nxd4 Nd5 15. Bd6 Re8 16. Rad1 N7f6 17. Be5 Qe7 18. Rfe1 Nb6 19. Bd6 Qe4 20. Qe2
Nfd5 21. Bg3 Nxc4 22. Bxc4 Bxd4 23. Rxd4 Qxd4 24. exd4 Rxe2 25. Rxe2 Be6 26. a3
Rd8 27. Bd3 Nb6 28. Be5 Kf8 29. Bf6 Re8 30. f3 Nd7 31. Bg5 f6 32. Bf4 Kf7 33.
Kf2 Nb6 34. Rc2 Rd8 35. Be3 Nd5 36. Bd2 Ne7 37. Bc3 c5 38. Be4 cxd4 39. Rd2 Nc6
40. Bb4 Nxb4 41. axb4 Rd7 42. Ke2 Bc4+ 43. Bd3 Bxd3+ 44. Kxd3 Rc7 45. Re2 Re7
46. Rxe7+ Kxe7 47. Kxd4 Kd6 48. b5 f5 49. g4 fxg4 50. fxg4 Ke6 1/2-1/2

[Event "Lansing (MI Op/6/5)"]
[Site "?"]
[Date "1996.??.??"]
[Round "?"]
[White "Carroll, Deuvoy"]
[Black "Kamberi, Sonny"]
[Result "1/2-1/2"]
[WhiteElo "2130"]
[BlackElo "2305"]
[PlyCount "31"]
[EventDate "1996.??.??"]

{6/(5)} 1. d4 Nf6 2. Bg5 Ne4 3. Bf4 d5 4. Nd2 Bf5 5. e3 Nxd2 6. Qxd2 e6 7. Nf3
Bd6 8. Bg3 Nd7 9. Nh4 Bg6 10. c4 Nf6 11. Nxg6 hxg6 12. Bxd6 Qxd6 13. c5 Qe7 14.
Bd3 c6 15. f4 Ne4 16. Bxe4 1/2-1/2

[Event "Lansing (MI Op/2/14)"]
[Site "?"]
[Date "1996.??.??"]
[Round "?"]
[White "Carroll, Deuvoy"]
[Black "Aldrich, Jeff"]
[Result "1-0"]
[WhiteElo "2130"]
[BlackElo "1935"]
[PlyCount "35"]
[EventDate "1996.??.??"]

{2/(14)} 1. d4 d5 2. Nf3 Nf6 3. c3 e6 4. Bg5 c5 5. e3 Nc6 6. Nbd2 h6 7. Bh4 Bd7
8. Ne5 cxd4 9. cxd4 g5 10. Bg3 h5 11. h4 g4 12. Bd3 Bh6 13. O-O Ne7 14. Re1 Qb6
15. Rb1 O-O-O 16. Nxf7 Nf5 17. Bxf5 exf5 18. Nd6+ 1-0

[Event "Ann Arbor (Mini-Swiss/1/6)"]
[Site "?"]
[Date "1996.??.??"]
[Round "?"]
[White "Carrara, W."]
[Black "Swartz, J."]
[Result "1-0"]
[WhiteElo "1730"]
[BlackElo "1605"]
[PlyCount "55"]
[EventDate "1996.??.??"]

{1/(6)} 1. e4 c5 2. Nc3 d6 3. Nf3 Nf6 4. Bc4 Be6 5. Bxe6 fxe6 6. d3 d5 7. e5
Nfd7 8. O-O Nc6 9. Re1 h6 10. Bf4 g5 11. Bg3 Bg7 12. h3 Qc7 13. Nb5 Qb6 14. c4
a6 15. Nc3 O-O-O 16. cxd5 Nd4 17. Nxd4 cxd4 18. Na4 Qa5 19. Qb3 b5 20. dxe6
bxa4 21. exd7+ Kxd7 22. Qf7 Bf8 23. Rac1 Rc8 24. e6+ Kd8 25. Rxc8+ Kxc8 26.
Rc1+ Kb7 27. Qf3+ Ka7 28. Rc7+ 1-0

[Event "Ann Arbor (Mini-Swiss/3/5)"]
[Site "?"]
[Date "1996.??.??"]
[Round "?"]
[White "Carrara, W."]
[Black "Marson, Michael"]
[Result "0-1"]
[WhiteElo "1730"]
[BlackElo "1665"]
[PlyCount "94"]
[EventDate "1996.??.??"]

{3/(5)} 1. e4 e6 2. d4 d5 3. Nc3 Nf6 4. e5 Nfd7 5. Bd3 c5 6. Nf3 Nc6 7. Be3 Qb6
8. Na4 Qa5+ 9. c3 cxd4 10. Nxd4 Ncxe5 11. Be2 Be7 12. O-O a6 13. Rc1 b5 14. b4
Qd8 15. Nb2 Bb7 16. f4 Nc4 17. Nxc4 dxc4 18. Bf3 Qc7 19. Qe2 Bxf3 20. Qxf3 O-O
21. Rcd1 Nf6 22. g4 g6 23. h4 Rac8 24. h5 gxh5 25. gxh5 Kh8 26. Kh1 Rg8 27. Ne2
Qc6 28. Bd4 Qxf3+ 29. Rxf3 h6 30. f5 e5 31. Bxe5 Kh7 32. Bxf6 Bxf6 33. Rd6 Be5
34. Rxa6 Rcd8 35. Rf1 Rd3 36. Ng1 Bxc3 37. Rf2 Bxb4 38. Rg2 Rd5 39. Rxg8 Kxg8
40. a4 Rxf5 41. axb5 Rxh5+ 42. Kg2 Rxb5 43. Rc6 Rc5 44. Rxc5 Bxc5 45. Ne2 Bb4
46. Kf3 Bd2 47. Nd4 Kg7 0-1

[Event "Ann Arbor (Mini-Swiss/1/4)"]
[Site "?"]
[Date "1996.??.??"]
[Round "?"]
[White "Carrara, W."]
[Black "Gipson, John"]
[Result "1-0"]
[WhiteElo "1725"]
[BlackElo "1990"]
[PlyCount "121"]
[EventDate "1996.??.??"]

{1/(4)} 1. e4 e6 2. d4 d5 3. exd5 exd5 4. Nf3 Nf6 5. Nc3 Be7 6. Be2 O-O 7. O-O
c5 8. dxc5 Bxc5 9. Bg5 Be6 10. Nd4 Bxd4 11. Qxd4 Nc6 12. Qd2 Rc8 13. Bf3 h6 14.
Bh4 g5 15. Bg3 Qb6 16. Na4 Qb4 17. Qxb4 Nxb4 18. Bd6 Nxc2 19. Bxf8 Nxa1 20. Be7
Ne4 21. Bxe4 dxe4 22. Rxa1 Bxa2 23. Nc3 Bc4 24. Rxa7 Ba6 25. h3 f5 26. g4 Re8
27. Nd5 Kf7 28. gxf5 Rxe7 29. Nxe7 Kxe7 30. Ra8 Bb5 31. Kg2 Bd7 32. Ra7 Bc6 33.
Kg3 Kf6 34. Kg4 Bd5 35. b4 Bc6 36. Ra8 Bb5 37. Rf8+ Kg7 38. Rc8 Be2+ 39. Kg3
Kf6 40. Rh8 h5 41. Rf8+ Ke7 42. Rb8 h4+ 43. Kg2 b5 44. Rb6 Kf7 45. Rg6 Bd1 46.
Kf1 Bf3 47. Rb6 g4 48. hxg4 h3 49. Kg1 Bxg4 50. Rxb5 Kf6 51. Kh2 Bxf5 52. Rxf5+
Kxf5 53. Kxh3 Ke5 54. Kg3 Kd5 55. Kf4 e3 56. Kxe3 Kc4 57. Ke4 Kxb4 58. Kd5 Kb5
59. f4 Kb6 60. Kd6 Kb7 61. f5 1-0

[Event "Detroit (Class B/4/2)"]
[Site "?"]
[Date "1996.??.??"]
[Round "?"]
[White "Carr, Jay"]
[Black "Turner, P."]
[Result "1-0"]
[WhiteElo "1735"]
[BlackElo "1715"]
[PlyCount "137"]
[EventDate "1996.??.??"]

{4/(2)} 1. c4 Nf6 2. Nc3 g6 3. e4 d6 4. d4 Bg7 5. Be2 O-O 6. Bg5 Nbd7 7. Qd2 c6
8. h4 a6 9. b4 b5 10. c5 a5 11. cxd6 axb4 12. e5 bxc3 13. Qxc3 exd6 14. exf6
Bxf6 15. Bxf6 Qxf6 16. Nf3 Bb7 17. O-O Rfe8 18. Bd3 Nb6 19. Qd2 Nd5 20. Bc2 Ra3
21. Bb3 Nf4 22. Ng5 Ne6 23. Rfe1 Raa8 24. Ne4 Qe7 25. Ng5 Qd7 26. Nxe6 fxe6 27.
Re2 Re7 28. Rae1 Rae8 29. Qg5 Bc8 30. f4 d5 31. Bc2 Rf7 32. h5 Qe7 33. hxg6
Qxg5 34. gxf7+ Kxf7 35. fxg5 Rg8 36. Re5 Rg7 37. Rf1+ Ke7 38. Rf6 Kd6 39. g6
hxg6 40. Rg5 Ra7 41. Bb3 c5 42. dxc5+ Kxc5 43. Rgxg6 Re7 44. Kf2 Kd4 45. Rf3 e5
46. Rgf6 e4 47. Re3 Ke5 48. Rb6 Bd7 49. Bc2 Rf7+ 50. Ke2 Bg4+ 51. Ke1 Kd4 52.
Rg3 Bd7 53. Rb7 Ke5 54. Rg5+ Kd6 55. Rxd5+ Kxd5 56. Bb3+ Kc6 57. Bxf7 Kxb7 58.
Bd5+ Bc6 59. Bxc6+ Kxc6 60. Kd2 Kd5 61. Ke3 Ke5 62. a3 Kf5 63. g3 Kg4 64. Kxe4
Kxg3 65. Kd4 Kf4 66. Kc5 Ke5 67. Kxb5 Kd6 68. Kb6 Kd7 69. Kb7 1-0

[Event "Lansing (MOR/5/10)"]
[Site "?"]
[Date "1996.??.??"]
[Round "?"]
[White "Carr, Jay"]
[Black "Sellers, Matt"]
[Result "1-0"]
[WhiteElo "1700"]
[BlackElo "1605"]
[PlyCount "87"]
[EventDate "1996.??.??"]

{5/(10)} 1. c4 Nf6 2. Nc3 e6 3. e4 d6 4. d4 Nbd7 5. Be2 c5 6. Bg5 Be7 7. Nf3
cxd4 8. Qxd4 a6 9. Rd1 Qc7 10. O-O O-O 11. h3 b6 12. Nh2 Bb7 13. Bf3 Rfd8 14.
Ng4 Rac8 15. Be2 Qc6 16. Kh1 Kf8 17. f3 Nxg4 18. Bxe7+ Kxe7 19. hxg4 Nf6 20.
Rd2 h5 21. g5 Nd7 22. Rfd1 Ne5 23. Rc2 Qc5 24. Na4 Qxd4 25. Rxd4 b5 26. Nc3
bxc4 27. f4 Ng6 28. g3 d5 29. exd5 exd5 30. Rcd2 h4 31. Kh2 hxg3+ 32. Kxg3 Rc5
33. Kg4 Bc8+ 34. Kg3 Rh8 35. Bg4 Bxg4 36. Kxg4 Rh4+ 37. Kg3 Ke6 38. f5+ Kxf5
39. Rxh4 Nxh4 40. Kxh4 Ke5 41. Ne2 Ke4 42. Nc3+ Ke5 43. Kg4 d4 44. Re2+ 1-0

[Event "Lansing (MOR/7/9)"]
[Site "?"]
[Date "1996.??.??"]
[Round "?"]
[White "Carr, Jay"]
[Black "Oprean, G."]
[Result "1/2-1/2"]
[WhiteElo "1700"]
[BlackElo "1605"]
[PlyCount "81"]
[EventDate "1996.??.??"]

{7/(9)} 1. c4 e5 2. Nc3 Nf6 3. g3 c6 4. Bg2 Be7 5. e3 O-O 6. Nge2 d6 7. O-O Be6
8. b3 Qc8 9. d4 exd4 10. exd4 Bh3 11. Re1 Bxg2 12. Kxg2 Re8 13. d5 c5 14. Bf4
Nh5 15. Be3 Bf6 16. Rc1 g6 17. h3 Bg7 18. Rc2 Nd7 19. Qc1 Ne5 20. f4 Nd3 21.
Nb5 Nxc1 22. Nxd6 Qd7 23. Nxe8 Rxe8 24. Nxc1 Bd4 25. Rce2 Rxe3 26. Rxe3 Bxe3
27. Rxe3 Kf8 28. Nd3 Ng7 29. g4 f5 30. Kg3 b6 31. Ne5 Qd6 32. g5 Nh5+ 33. Kf3
Qe7 34. Rd3 Qd6 35. Rd2 a5 36. a4 Ng7 37. Rd3 Ne8 38. h4 Kg7 39. Rd2 Nf6 40.
Re2 Ne4 41. Rc2 1/2-1/2

[Event "Detroit (Class B/2/4)"]
[Site "?"]
[Date "1996.??.??"]
[Round "?"]
[White "Carr, Jay"]
[Black "Grzegorczyk, Ron"]
[Result "1-0"]
[WhiteElo "1735"]
[BlackElo "1620"]
[PlyCount "45"]
[EventDate "1996.??.??"]

{2/(4)} 1. c4 c5 2. Nc3 Nc6 3. g3 g6 4. Bg2 Bg7 5. e3 e6 6. Nge2 Nge7 7. O-O d6
8. b3 O-O 9. Rb1 Rb8 10. d4 cxd4 11. exd4 d5 12. Bf4 e5 13. dxe5 Bxe5 14. Nxd5
Nxd5 15. Bxd5 Bh3 16. Re1 Bxf4 17. Nxf4 Bf5 18. Rb2 Nb4 19. a3 Nxd5 20. Nxd5
Be6 21. Rd2 Qg5 22. h4 Qf5 23. Ne7+ 1-0

[Event "Lansing (MOR/1a/7)"]
[Site "?"]
[Date "1996.??.??"]
[Round "?"]
[White "Carr, Jay"]
[Black "Cowans, Winston"]
[Result "1-0"]
[WhiteElo "1700"]
[BlackElo "1605"]
[PlyCount "83"]
[EventDate "1996.??.??"]

1. c4 d6 2. d4 Nf6 3. Nc3 g6 4. e4 Bg7 5. Be2 c6 6. Bg5 Na6 7. Nf3 Qa5 8. O-O
Bg4 9. Be3 O-O 10. h3 Bxf3 11. Bxf3 e6 12. a3 Qd8 13. Bg5 Nc7 14. Qb3 Rb8 15.
e5 h6 16. Bxf6 Bxf6 17. exf6 Qxf6 18. Rad1 Rfd8 19. d5 cxd5 20. cxd5 e5 21. Ne4
Qe7 22. Qe3 Kg7 23. Qxa7 f5 24. Nc3 Ra8 25. Qe3 Ne8 26. g4 Nf6 27. g5 hxg5 28.
Qxg5 Rh8 29. Kg2 Qd7 30. Rh1 Rh7 31. h4 Rah8 32. Rh3 e4 33. Be2 Nh5 34. f4 Qc7
35. Kh2 Qc5 36. Rf1 Nf6 37. Rg1 Qf2+ 38. Rg2 Qe1 39. Qxg6+ Kf8 40. Qxf6+ Ke8
41. Bb5+ Rd7 42. Qxh8+ 1-0

[Event "Flint (MI Senior/4/6)"]
[Site "?"]
[Date "1996.??.??"]
[Round "?"]
[White "Carr, J."]
[Black "Semerciyan, Mike"]
[Result "1/2-1/2"]
[WhiteElo "1715"]
[BlackElo "1910"]
[PlyCount "127"]
[EventDate "1996.??.??"]

{4/(6)} 1. c4 Nf6 2. Nc3 c5 3. g3 e6 4. Bg2 d5 5. d3 d4 6. Ne4 Nxe4 7. Bxe4 Bd6
8. h4 O-O 9. Nh3 f5 10. Bg2 Nd7 11. Bg5 Nf6 12. Qd2 Qc7 13. Nf4 Bxf4 14. Bxf4
e5 15. Bg5 h6 16. Bxf6 Rxf6 17. f4 Rg6 18. Kf2 exf4 19. Qxf4 Qxf4+ 20. gxf4 Rg4
21. Bd5+ Kf8 22. Kf3 Bd7 23. Rag1 h5 24. Rxg4 fxg4+ 25. Kg3 Re8 26. Re1 Bf5 27.
Kf2 b6 28. e4 dxe3+ 29. Rxe3 Rxe3 30. Kxe3 Ke7 31. d4 cxd4+ 32. Kxd4 Kf6 33.
Ke3 Be6 34. Bc6 Bxc4 35. a3 Be6 36. Ke4 Bf5+ 37. Ke3 Ke7 38. b4 Kd6 39. Ba8 a5
40. Bb7 axb4 41. axb4 Be6 42. Be4 Bf7 43. Bc2 Ke7 44. f5 Kf6 45. Kf4 g6 46.
fxg6 Bxg6 47. Bb3 Bf7 48. Bc2 Bd5 49. Bd3 Bf7 50. Bb5 Ke7 51. Bd3 Kd6 52. Be4
Be8 53. Bg2 b5 54. Be4 g3 55. Kxg3 Ke5 56. Kf3 Kd4 57. Bh7 Kc3 58. Ke3 Kxb4 59.
Kd2 Bf7 60. Bd3 Kc5 61. Kc3 b4+ 62. Kb2 Kd4 63. Be2 Ke3 64. Bxh5 1/2-1/2